Normal view MARC view
  • Jacoby, David

Entry Personal Name

Number of records used in: 2

001 - CONTROL NUMBER

  • control field: 63960

003 - CONTROL NUMBER IDENTIFIER

  • control field: NUST

005 - DATE AND TIME OF LATEST TRANSACTION

  • control field: 20210628203214.0

008 - FIXED-LENGTH DATA ELEMENTS

  • fixed length control field: 210628|| aca||aabn | a|a d

040 ## - CATALOGING SOURCE

  • Original cataloging agency: NUST
  • Transcribing agency: NUST

100 ## - HEADING--PERSONAL NAME

  • Personal name: Jacoby, David

670 ## - SOURCE DATA FOUND

  • Source citation: Work cat.: (NUST): Jacoby, David, Guide to supply chain management , how getting it right boosts corporate performance, 2010
© 2023 Central Library, National University of Sciences and Technology. All Rights Reserved.